000 00724nam a2200229Ii 4500
003 JO-AjNU
008 230605s9999||||xx |||||||||||||| ||und||
017 _a2003/17167
020 _a977-344-074-5
040 _aJO-AjNU
_bara
_erda
_cJO-AjNU
041 _aara
050 1 4 _aPJ6171.A7 2003
100 3 _aعتيق، عبد العزيز,
_eauthor
_926524
245 0 0 _aعلم العروض والقافية
250 _aط1
264 3 1 _aالقاهرة: دار الآفاق العربية، 2006
300 _a173ص
336 _atext
_btxt
_2rdacontent
337 _aunmediated
_bn
_2rdamedia
338 _avolume
_bnc
_2rdacarrier
650 4 _aاللغة العربية - علم العروض - القافية
_926525
999 _aA10060
_c13628
_d13628